Alphabetical Lose-A-Letter Quiz Stats

Quiz Updated Sep 20, 2013

Challenge
Share
Tweet
Embed
Score 0/26 Timer 03:00
3 Plays Today
Word Lose Which Letter? % Correct
qat???
90.7%
curve???
89%
monkey???
89%
quilt???
88.3%
suave???
88.3%
hazy???
87.4%
varnishing???
86.9%
with???
83.9%
forage???
83.9%
wreath???
83.6%
focal???
83.5%
meditate???
82.7%
timber???
80.4%
Word Lose Which Letter? % Correct
indexed???
76.6%
violent???
76.1%
finder???
74.2%
cremation???
73.7%
injure???
71.6%
underlying???
69.3%
underdog???
68.6%
deflectable???
65.5%
whereby???
60.4%
designed???
57.3%
supplier???
56.7%
sourly???
53.3%
replayed???
49.1%

You're not logged in!

Compare scores with friends on all Sporcle quizzes.
Join for Free
OR
Log In

You Might Also Like...

Show Comments

Extras

Top Quizzes Today


Score Distribution

Your Account Isn't Verified!

In order to create a playlist on Sporcle, you need to verify the email address you used during registration. Go to your Sporcle Settings to finish the process.

Report this User

Report this user for behavior that violates our Community Guidelines.

Details: